001810000a2200061000450024500620000030000430006277300140010510aRe-corte a la ley : Controversya por la ley antisecuestro aVol. 25, Núm 25 (1993), Páginas 340 tCambio 16